What was it like? teaching history and culture through young adult literature (Registro nro. 65197)

Detalles MARC
000 -ENCABEZADO
Número de control [NR] 01069nam a2200277Ia 4500
008 - DE LONGITUD FIJA DE DATOS DE ELEMENTOS - INFORMACIÓN GENERAL
Elementos de longitud fija [NR] 130821s2006 xxua gr eng
020 ## - NUMERO INTERNACIONAL NORMALIZADO PARA LIBROS [R]
Número Internacional Normalizado del libro [NR] 807747114
020 ## - NUMERO INTERNACIONAL NORMALIZADO PARA LIBROS [R]
Número Internacional Normalizado del libro [NR] 807747122
020 ## - NUMERO INTERNACIONAL NORMALIZADO PARA LIBROS [R]
Número Internacional Normalizado del libro [NR] 9780807747117
020 ## - NUMERO INTERNACIONAL NORMALIZADO PARA LIBROS [R]
Número Internacional Normalizado del libro [NR] 9780807747124
040 ## - FUENTE DE CATALOGACION [NR]
Agencia de catalogación original [NR] Co-BoUCM
Idioma de catalogación [NR] spa
041 00 - CODIGO DE IDIOMA [R]
Código de idioma para texto/pista de sonido o título separado [R] Inglés
100 1# - ASIENTO PRINCIPAL--NOMBRE PERSONAL [NR]
Nombre personal [NR] Rice, Linda J.
ID Autoridad 166400
245 10 - MENCION DE TITULO [NR]
Título [NR] What was it like? teaching history and culture through young adult literature
Mención de responsabilidad, etc. [NR] Linda J. Rice ; prólogo de Alleen Pace Nilsen
260 ## - PUBLICACION, DISTRIBUCION, ETC. (PIE DE IMPRENTA) [R]
Lugar de publicación, distribución, etc. [R] Nueva York (Estados Unidos)
Nombre del editor, distribuidor, etc. [R] Teachers College Press, Columbia University
Fecha de publicación, distribución, etc. [R] 2006
300 ## - DESCRIPCION FISICA [R]
Extensión [R] xiv, 202 páginas
Otros detalles físicos [NR] ilustraciones
490 #0 - MENCION DE SERIE [R]
Mención de serie [R] Language and Literacy Series
504 ## - NOTA DE BIBLIOGRAFIA, ETC. [R]
Nota de bibliografía, etc. [NR]
650 04 - ASIENTO SECUNDARIO DE MATERIA - TERMINO TEMATICO [R]
Término temático o nombre geográfico como elemento de entrada [NR] Literatura estadounidense
9 (RLIN) 18653
650 04 - ASIENTO SECUNDARIO DE MATERIA - TERMINO TEMATICO [R]
Término temático o nombre geográfico como elemento de entrada [NR] Literatura
Subdivisión general [R] Historia
Subdivisión geográfica [R] Estados Unidos
9 (RLIN) 18599
650 04 - ASIENTO SECUNDARIO DE MATERIA - TERMINO TEMATICO [R]
Término temático o nombre geográfico como elemento de entrada [NR] Novela histórica americana
9 (RLIN) 20515
650 04 - ASIENTO SECUNDARIO DE MATERIA - TERMINO TEMATICO [R]
Término temático o nombre geográfico como elemento de entrada [NR] Novela juvenil americana
9 (RLIN) 20537
651 #4 - ASIENTO SECUNDARIO DE MATERIA - NOMBRE GEOGRAFICO [R]
Nombre geográfico [NR] Estados Unidos
Subdivisión general [R] Historia
Subdivisión cronológica [R] Siglo XX
9 (RLIN) 62718
942 ## - ELEMENTOS DE ENTRADA AGREGADOS (KOHA)
Tipo de ítem principal el descrito en 300a Libro
Tema principal Literatura
Edición 1
Parte restante de la signatura top. R495w
Sistema de clasificación DEWEY
Clasificación 808.83
Existencias
Fecha de último préstamo Signatura topográfica Código de barras Última vez visto Ejemplar Price effective from Tipo de ítem Perdido Sistema de clasificación Dañado No prestable Tipo de ítem específico Suprimido Ubicación habitual Ubicación actual Localización Fecha de creación Forma de adquisición Costo
14/05/2010 808.83 R495w 100105207 09/12/2025 Ej.1 03/02/2013 Libro   DEWEY     Libro   Claustro Claustro 2do piso 28/02/2010 Compra 91785.00